Detekcia autorstva na základe textu

Enregistré dans:
Détails bibliographiques
Auteur principal: Šefčík, Martin (Auteur)
Autres auteurs: Kačur, Juraj (Directeur de thèse)
Format: Manuscrit Livre
Langue:slovaque
Publié: 2025
Sujets:
Accès en ligne:http://is.stuba.sk/zp/portal_zp.pl?podrobnosti=177546
Tags: Ajouter un tag
Pas de tags, Soyez le premier à ajouter un tag!

MARC

LEADER 00000ntm a22000003a 4500
001 stuzp96691
003 SK-STU
005 20250614210343.0
007 ta
008 150427s2015----xo-----f-mn---000-0-slo-d
040 |a STU  |b slo 
041 0 |a slo 
100 1 |a Šefčík, Martin  |u 037000  |4 aut  |U FEI Fakulta elektrotechniky a informatiky  |T FEI Ústav multimediálnych informačných a komunikačných technológií  |X 104589  |U E070  |Y 818  |7 104589 
242 0 1 |a Authorship detection based on text  |y eng 
245 1 0 |a Detekcia autorstva na základe textu 
260 |c 2025 
650 4 |a natural language processing  |2 eng 
650 4 |a authorship detection  |2 eng 
650 4 |a BERT  |2 eng 
650 4 |a transformer  |2 eng 
650 4 |a BERT  |2 slo 
650 4 |a transformer  |2 slo 
650 4 |a spracovanie prirodzeného jazyka  |2 slo 
650 4 |a detekcia autorstva  |2 slo 
700 1 |a Kačur, Juraj  |u 037000  |k Z1  |4 ths  |U FEI Fakulta elektrotechniky a informatiky  |T FEI Ústav multimediálnych informačných a komunikačných technológií  |X 1861  |U E070  |Y 818  |7 A000001861 
856 4 |u http://is.stuba.sk/zp/portal_zp.pl?podrobnosti=177546